| 000 | 01343nam0a22002651 4500 | ||
|---|---|---|---|
| 001 | rc\769661 | ||
| 005 | 20250622124852.0 | ||
| 035 | _a(NLR Aleph) 006296376 | ||
| 090 |
_a7204507 _c7204507 |
||
| 100 | _a20040301d1985 |||y0rusy50 ca | ||
| 101 | 0 | _arus | |
| 102 | _aRU | ||
| 105 | _ay ||||||||| | ||
| 200 | 1 |
_aОпыт изучения газлийских землетрясений и направления дальнейших исследований _eТез. докл. всесоюз. совещ., Ташкент, 16-18 мая 1985 г. _f[Редкол.: Г.А. Мавлянов (отв. ред.) и др.] |
|
| 210 |
_aТашкент _cФан _d1985 |
||
| 215 |
_a88 с. _d20 |
||
| 300 | _aВ надзаг.: Междувед. совет по сейсмологии и сейсмостойкому стр-ву при Президиуме АН СССР, АН УзССР, Ин-т сейсмологии | ||
| 702 | 1 |
_4340 _7ca _8rus _aМавлянов _bГ. А. _f1910-1988 _gГани Арифханович _9267303 _3RU\NLR\AUTH\770267359 |
|
| 712 | 0 | 2 |
_aМеждуведомственный совет по сейсмологии и сейсмостойкому строительству _cМосква |
| 801 | 0 |
_aRU _bNLR _gpsbo |
|
| 801 | 1 |
_aRU _bELAR _2rusmarc |
|
| 852 |
_aNLR _j85-4/27316 |
||
| 942 | _cBOOK | ||
| 980 | _aNB | ||